Gaming Quiz

Random Gaming or Anime Quiz
Score 0/76 Timer 07:00
1 Play Today
% Correct
Charmander
81.1%
Caterpie
80.3%
Charizard
79.4%
Charmeleon
79.3%
Cubone
77.9%
Crobat
76.6%
Clefairy
75.3%
Cyndaquil
75%
Chikorita
73.8%
Cloyster
73.6%
Chimchar
72.8%
Clefable
72.3%
Celebi
72.2%
Combee
71.9%
Clamperl
71.3%
Chansey
71.2%
Combusken
70.8%
Camerupt
70.7%
Cleffa
70.7%
Croagunk
70.1%
Cascoon
70%
Chandelure
70%
Castform
70%
Croconaw
68.7%
Carvanha
68.6%
Corsola
68.1%
Cutiefly
67.8%
Cacnea
67.5%
Claydol
66.7%
Cacturne
66.3%
Cherubi
65%
Cosmog
64.2%
Cubchoo
63.7%
Carnivine
63.2%
Chespin
63.2%
Cranidos
62.8%
Cottonee
62.8%
Chatot
62.6%
% Correct
Cresselia
62.6%
Cryogonal
61.8%
Cofagrigus
61.2%
Cinccino
60.5%
Chinchou
60.4%
Corphish
60.4%
Conkeldurr
59.4%
Crawdaunt
59.2%
Centiskorch
58.9%
Crustle
58.9%
Corviknight
58%
Cosmoem
57.9%
Charjabug
57.8%
Cradily
57.7%
Carkol
57.3%
Cobalion
57.3%
Chesnaught
57.1%
Chimecho
56.7%
Coalossal
56.6%
Chingling
55.9%
Chewtle
55.6%
Crabrawler
54.6%
Cinderace
53.7%
Corvisquire
53%
Crabominable
52.9%
Celesteela
52.2%
Carbink
52%
Clobbopus
51.9%
Cherrim
50.9%
Carracosta
50.9%
Cufant
50.7%
Comfey
50.5%
Clauncher
48.2%
Cursola
47.8%
Copperajah
47.1%
Clawitzer
45%
Cramorant
42.5%
Calyrex
40.1%
Remove Ads.
Support Sporcle.
Get the best of Sporcle when you Go Orange. This ad-free experience offers more features, more stats, and more fun while also helping to support Sporcle. Thank you for becoming a member.

You're not logged in!

Compare scores with friends on all Sporcle quizzes.
OR
Log In

Sporcle TV

Today on Sporcle TV


Watch our educational content, quiz creation guides, and fun videos on Sporcle TV.

Show Comments

Extras

Top Quizzes Today


Score Distribution

Paid Content

Your Account Isn't Verified!

In order to create a playlist on Sporcle, you need to verify the email address you used during registration. Go to your Sporcle Settings to finish the process.

Report this User

Report this user for behavior that violates our Community Guidelines.

Details: